| 000 | 00459nam a22001577a 4500 | ||
|---|---|---|---|
| 005 | 20260225101055.0 | ||
| 008 | 260225b |||||||| |||| 00| 0 eng d | ||
| 020 | _a978-81-19403-75-2 | ||
| 100 | _aSAXENA, NAMIT | ||
| 245 | _aCONCISE COMMENTARY ON THE BHARATIYA NAGARIK SURAKSHA SANHITA, 2023 | ||
| 260 |
_aHARYANA _bLEXISNEXIS _c2024 |
||
| 300 | _aCX, 464P. | ||
| 500 | _aINCLUDES SUBJECT INDEX | ||
| 650 | _aCRIMINAL PROCEDURE -INDIA | ||
| 942 |
_2lcc _cBK |
||
| 999 |
_c216641 _d216641 |
||